| 000 | 00388 a2200145 4500 | ||
|---|---|---|---|
| 020 | _a9693520866 | ||
| 082 | _a891.4393 | ||
| 090 |
_c7157 _d7157 |
||
| 100 | _aQasmi, Ahmad Nadeem | ||
| 245 |
_aKapas Ka Phool _cQasmi, Ahmad Nadeem |
||
| 260 |
_aLahore _bSang-e-Meel Publications _c2008 |
||
| 300 |
_a240 p. _c22 cm. |
||
| 650 | _a1. Urdu Literature-Short Stories | ||
| 942 |
_cBK _k891.4391 QAS |
||
| 999 |
_c10961 _d10961 |
||